Process systems analysis and control (Record no. 13580)

000 -LEADER
fixed length control field 00605nam a22002171 4500
001 - CONTROL NUMBER
control field 13580
003 - CONTROL NUMBER IDENTIFIER
control field BD-DhUET
008 - FIXED-LENGTH DATA ELEMENTS--GENERAL INFORMATION
fixed length control field 730306s1965 nyua b 000 0 eng
040 ## - CATALOGING SOURCE
Original cataloging agency DLC
Transcribing agency DLC
Modifying agency BD-DhUET
082 ## - DEWEY DECIMAL CLASSIFICATION NUMBER
Classification number 660.284
Item number COU/1965
100 1# - MAIN ENTRY--PERSONAL NAME
Personal name Coughanowr, Donald R.
245 10 - TITLE STATEMENT
Title Process systems analysis and control
250 ## - EDITION STATEMENT
Edition statement 1st ed.
260 ## - PUBLICATION, DISTRIBUTION, ETC. (IMPRINT)
Place of publication, distribution, etc. New York
Name of publisher, distributor, etc. McGraw-Hill
Date of publication, distribution, etc. 1965
300 ## - PHYSICAL DESCRIPTION
Extent xii, 491 p.
Other physical details illus.
Dimensions 23 cm.
490 ## - SERIES STATEMENT
Series statement McGraw-hill chemical engineering series
504 ## - BIBLIOGRAPHY, ETC. NOTE
Bibliography, etc Includes bibliographies
650 #0 - SUBJECT ADDED ENTRY--TOPICAL TERM
Topical term or geographic name as entry element Industrial process
700 ## - ADDED ENTRY--PERSONAL NAME
Personal name Koppel, Lowell B.
942 ## - ADDED ENTRY ELEMENTS (KOHA)
Koha item type General Book
Holdings
Koha item type Koha normalized classification for sorting Damaged status Shelving location Koha date last seen Piece designation (barcode) Sublocation or collection (holding branch) Copy number Not for loan Source of classification or shelving scheme Price effective from Withdrawn status Lost status Koha full call number Date acquired Location (home branch)
General Book660_284000000000000_COU_1965 Circulation section2015-03-0329691Central Library, BUET1  2015-03-03  660.284/COU/19652015-03-03Central Library, BUET
General Book660_284000000000000_COU_1965 Circulation section2015-05-1117867Central Library, BUET2  2015-05-11  660.284/COU/19652015-05-11Central Library, BUET
General Book660_284000000000000_COU_1965 Circulation section2015-05-1117870Central Library, BUET3  2015-05-11  660.284/COU/19652015-05-11Central Library, BUET
Reading Item660_284000000000000_COU_1965 Reading section2015-06-2129702Central Library, BUET4  2015-06-21  660.284/COU/19652015-06-21Central Library, BUET
Reading Item660_284000000000000_COU_1965 Reading section2015-06-2118753Central Library, BUET5  2015-06-21  660.284/COU/19652015-06-21Central Library, BUET
Reading Item660_284000000000000_COU_1965 Reading section2015-06-2117868Central Library, BUET6  2015-06-21  660.284/COU/19652015-06-21Central Library, BUET